000 01075nam a2200313Ic 4500
001 58792
003 CO-BoRNBP
005 20250828144600.0
007 ta
008 180109s9999 xx 000 0 und d
020 _a9789583009976
040 _aCO-BoRNBP
_bspa
_erda
_cCO-BoRNBP
041 _aspa
084 _aT
100 _aMontaña Ibáñez, Francisco,
_d1966-
_eaut
245 1 0 _aAndrés, perro y oso en el país de los miedos /
_cFrancisco Montaña Ibáñez ; ilustraciones Patricia Acosta.
250 _aPrimera edición, 2a reimpresión
264 1 _aBogotá, Colombia :
_bPanamericana;2007,
_c2007
300 _a95 páginas :
_bilustraciones en color
336 _atexto
_btxt
_2rdacontent
337 _asin mediación
_bn
_2rdamedia
338 _avolumen
_bnc
_2rdacarrier
490 0 _aPrimer acto. Teatro infantil y juvenil
650 0 7 _aMiedo - Teatro
_2lemb
_963997
650 0 4 _aTeatro infantil colombiano
_2LEMB
_962586
650 0 4 _aLiteratura infantil colombiana
_2LEMB
_934
700 1 _aAcosta, Patricia, ilustradora
_eill
_959439
942 _2loc
_cBK
999 _c58792
_d58792